000
00239nam a2200109Ia 4500
008
200302s9999 xx 000 0 und d
100
_a
L.J. Peet
245
_a
Household Equipment
260
_b
John wiley& sons
260
_c
1995
300
_a
444
999
_c
17
_d
17